Accounting and Finance for Trade Unions in Nigeria (Record no. 2082)

MARC details
000 -LEADER
fixed length control field 00594nam a22002177a 4500
003 - CONTROL NUMBER IDENTIFIER
control field OSt
005 - DATE AND TIME OF LATEST TRANSACTION
control field 20191211103142.0
008 - FIXED-LENGTH DATA ELEMENTS--GENERAL INFORMATION
fixed length control field 150617b xxu||||| |||| 00| 0 eng d
020 ## - INTERNATIONAL STANDARD BOOK NUMBER
International Standard Book Number 9789780230258
020 ## - INTERNATIONAL STANDARD BOOK NUMBER
International Standard Book Number 9780230254
040 ## - CATALOGING SOURCE
Transcribing agency 04
082 ## - DEWEY DECIMAL CLASSIFICATION NUMBER
Classification number 657 ADE 1996
100 ## - MAIN ENTRY--PERSONAL NAME
Personal name Adewunmi, Wole; Ajayi, Catherine
9 (RLIN) 5400
245 ## - TITLE STATEMENT
Title Accounting and Finance for Trade Unions in Nigeria
260 ## - PUBLICATION, DISTRIBUTION, ETC. (IMPRINT)
Place of publication, distribution, etc. Lagos:
Name of publisher, distributor, etc. Malthouse Press Limited;
Date of publication, distribution, etc. 1996.
300 ## - PHYSICAL DESCRIPTION
Extent 174 p :
Other physical details ill;
Dimensions 24 cm.
504 ## - BIBLIOGRAPHY, ETC. NOTE
Bibliography, etc Includes Index
650 ## - SUBJECT ADDED ENTRY--TOPICAL TERM
Topical term or geographic name as entry element Accounting
9 (RLIN) 1379
650 ## - SUBJECT ADDED ENTRY--TOPICAL TERM
Topical term or geographic name as entry element Finance
9 (RLIN) 5401
942 ## - ADDED ENTRY ELEMENTS (KOHA)
Source of classification or shelving scheme Other/Generic Classification Scheme
Koha item type Short Loan
Holdings
Withdrawn status Lost status Source of classification or shelving scheme Damaged status Not for loan Home library Current library Date acquired Source of acquisition Inventory number Total Checkouts Full call number Barcode Date last seen Koha item type
    Dewey Decimal Classification     MUST Main Library MUST Main Library 17/06/2015 Donation 00/14405   657 ADE 1996 2015-1933 17/06/2015 Short Loan
    Dewey Decimal Classification     MUST Main Library MUST Main Library 17/06/2015 Donation 00/14404   657 ADE 1996 2015-1934 17/06/2015 Short Loan